[Event "LTU-ch U14"]
[Site "Kaunas"]
[Date "2017.04.08"]
[Round "6"]
[White "Maciuitis, Ignas"]
[Black "Gucaga, Augustas"]
[Result "0-1"]
[WhiteElo "1595"]
[BlackElo "1892"]
[PlyCount "90"]
[EventDate "2017.04.05"]
[EventType "swiss"]
[EventRounds "8"]
[EventCountry "LTU"]
[SourceTitle "CBM 177 Extra"]
[Source "ChessBase"]
[SourceDate "2017.04.27"]
[SourceVersion "1"]
[SourceVersionDate "2017.04.27"]
[SourceQuality "1"]

1. e4 c5 2. Nc3 g6 3. f4 Bg7 4. Nf3 Nc6 5. d3 e6 6. g3 Nge7 7. Bg2 0-0 8. 0-0 d5 9. e5 a6 10. g4 Rb8 11. h4 b5 12. Ne2 a5 13. Ng3 a4 14. Be3 d4 15. Bf2 Nd5 16. Qd2 Nce7 17. h5 a3 18. b3 Bb7 19. Ne4 Qc7 20. Bh3 Nc3 21. Nxc3 dxc3 22. Qe3 Bxf3 23. Qxf3 Nd5 24. Kh2 Nxf4 25. Bg3 Nxh3 26. Kxh3 Bxe5 27. Bh4 c4 28. h6 cxd3 29. Rae1 f6 30. Qxd3 Rbd8 31. Qxb5 Rd2 32. Rf2 Rfd8 33. Ref1 Rxf2 34. Rxf2 g5 35. Bxg5 fxg5 36. Rf3 Bf4 37. Rd3 Rxd3+ 38. cxd3 Kf7 39. Qa4 c2 40. Qe4 c1Q 41. Qxh7+ Ke8 42. Qg8+ Kd7 43. Qf7+ Kd6 44. Qf8+ Kd5 45. Qa8+ Q1c6 0-1

[Event "WchT Amateur"]
[Site "Kaunas"]
[Date "2016.11.22"]
[Round "3.2"]
[White "Gucaga, Augustas"]
[Black "Boyajyan, David"]
[Result "1-0"]
[WhiteElo "1843"]
[BlackElo "1513"]
[PlyCount "53"]
[EventDate "2016.11.20"]
[EventType "team-swiss"]
[EventRounds "9"]
[EventCountry "LTU"]
[SourceTitle "CBM 175 Extra"]
[Source "ChessBase"]
[SourceDate "2016.12.12"]
[SourceVersion "1"]
[SourceVersionDate "2016.12.12"]
[SourceQuality "1"]
[WhiteTeam "Lithuania Standartas"]
[BlackTeam "Lithuania GAJA II"]
[WhiteTeamCountry "LTU"]
[BlackTeamCountry "LTU"]

1. e4 e6 2. d4 d5 3. Nc3 Nf6 4. e5 Nfd7 5. f4 c5 6. Nf3 Nc6 7. Be3 cxd4 8. Nxd4 Bb4 9. Bd3 Bxc3+ 10. bxc3 Nxd4 11. cxd4 f5 12. Qh5+ g6 13. Qh6 Qe7 14. 0-0 Qf8 15. Qh3 Nb6 16. a4 Bd7 17. a5 Nc4 18. Bxc4 dxc4 19. Bc1 Rc8 20. Ba3 Qg7 21. Qc3 g5 22. fxg5 Qxg5 23. Rf3 f4 24. Qd2 c3 25. Qxf4 Qxf4 26. Rxf4 Bb5 27. Bc5 1-0

[Event "EU-ch U12 26th"]
[Site "Prague"]
[Date "2016.08.26"]
[Round "8"]
[White "Neumann, Filip"]
[Black "Gucaga, Augustas"]
[Result "0-1"]
[WhiteElo "1812"]
[BlackElo "1902"]
[PlyCount "102"]
[EventDate "2016.08.18"]
[EventType "swiss"]
[EventRounds "9"]
[EventCountry "CZE"]
[SourceTitle "CBM 174 Extra"]
[Source "ChessBase"]
[SourceDate "2016.10.10"]
[SourceVersion "1"]
[SourceVersionDate "2016.10.10"]
[SourceQuality "1"]

1. e4 c5 2. Nf3 d6 3. d4 cxd4 4. Nxd4 Nf6 5. Nc3 g6 6. Be3 Bg7 7. f3 0-0 8. Qd2 Nc6 9. Bc4 Bd7 10. Bb3 Qa5 11. 0-0-0 Ne5 12. Kb1 Rfc8 13. h4 Nc4 14. Bxc4 Rxc4 15. Nb3 Qa6 16. g4 Rac8 17. h5 Be6 18. Bh6 Bxh6 19. Qxh6 Rxc3 20. bxc3 Qc4 21. hxg6 fxg6 22. g5 Nh5 23. Rxh5 gxh5 24. e5 Bf7 25. g6 Bxg6 26. Rg1 Qf7 27. exd6 exd6 28. Qd2 Rc6 29. f4 Rb6 30. Rg5 h6 31. Rg2 Kh7 32. Kb2 d5 33. Rh2 Be4 34. Qe2 Qxf4 35. Qxh5 a5 36. Rh4 Qf6 37. Qe8 Re6 38. Qd7+ Re7 39. Rf4 Qxc3+ 40. Kxc3 Rxd7 41. Nxa5 b6 42. Nb3 Rc7+ 43. Kb4 Rxc2 44. a4 Kg6 45. a5 bxa5+ 46. Nxa5 h5 47. Nb3 Kg5 48. Rf8 h4 49. Rh8 Bf5 50. Rg8+ Kf4 51. Kb5 Rb2 0-1

[Event "EU-ch U12 26th"]
[Site "Prague"]
[Date "2016.08.21"]
[Round "4"]
[White "Dwyer, Daniel1"]
[Black "Gucaga, Augustas"]
[Result "0-1"]
[WhiteElo "1629"]
[BlackElo "1902"]
[PlyCount "58"]
[EventDate "2016.08.18"]
[EventType "swiss"]
[EventRounds "9"]
[EventCountry "CZE"]
[SourceTitle "CBM 174 Extra"]
[Source "ChessBase"]
[SourceDate "2016.10.10"]
[SourceVersion "1"]
[SourceVersionDate "2016.10.10"]
[SourceQuality "1"]

1. e4 c5 2. Nf3 d6 3. d4 cxd4 4. Nxd4 Nf6 5. Nc3 g6 6. Be3 Bg7 7. f3 0-0 8. Qd2 Nc6 9. g4 h5 10. g5 Nd7 11. 0-0-0 Nde5 12. f4 Nxd4 13. Qxd4 Ng4 14. Qd3 Nxe3 15. Qxe3 Qa5 16. Rd5 Qc7 17. Rd3 Be6 18. Bg2 Rfc8 19. Qf2 Qa5 20. e5 dxe5 21. Bxb7 Rxc3 22. Rxc3 Rb8 23. Qd2 Qb6 24. Be4 exf4 25. Rd3 Bc4 26. Rd7 Qxb2+ 27. Kd1 Qa1+ 28. Qc1 Rb1 29. Qxb1 Qxb1+ 0-1

[Event "EU-ch U12 26th"]
[Site "Prague"]
[Date "2016.08.20"]
[Round "3"]
[White "Gucaga, Augustas"]
[Black "Luczak, Filip"]
[Result "0-1"]
[WhiteElo "1902"]
[BlackElo "1749"]
[PlyCount "68"]
[EventDate "2016.08.18"]
[EventType "swiss"]
[EventRounds "9"]
[EventCountry "CZE"]
[SourceTitle "CBM 174 Extra"]
[Source "ChessBase"]
[SourceDate "2016.10.10"]
[SourceVersion "1"]
[SourceVersionDate "2016.10.10"]
[SourceQuality "1"]

1. e4 c5 2. Nf3 d6 3. d4 Nf6 4. Nc3 cxd4 5. Nxd4 a6 6. h3 e6 7. g4 d5 8. exd5 Nxd5 9. Bg2 Bb4 10. Bd2 Bc5 11. Nb3 Bb6 12. Qf3 Nxc3 13. Bxc3 0-0 14. Rd1 Qc7 15. 0-0 Nc6 16. Qe4 e5 17. Nd2 Be6 18. Nc4 Bd4 19. Ne3 Bxc3 20. bxc3 Rfd8 21. a4 Rxd1 22. Rxd1 Rd8 23. Rxd8+ Qxd8 24. Bf1 Qa5 25. Nd1 Qd5 26. Bd3 Qxe4 27. Bxe4 Kf8 28. Kf1 g6 29. Ne3 Ke7 30. Nd5+ Bxd5 31. Bxd5 Nd8 32. g5 b6 33. Ke2 Ne6 34. h4 Nf4+ 0-1

[Event "EU-ch U12 26th"]
[Site "Prague"]
[Date "2016.08.18"]
[Round "1"]
[White "Gucaga, Augustas"]
[Black "Nesse, David"]
[Result "1-0"]
[WhiteElo "1902"]
[BlackElo "1602"]
[PlyCount "43"]
[EventDate "2016.08.18"]
[EventType "swiss"]
[EventRounds "9"]
[EventCountry "CZE"]
[SourceTitle "CBM 174 Extra"]
[Source "ChessBase"]
[SourceDate "2016.10.10"]
[SourceVersion "1"]
[SourceVersionDate "2016.10.10"]
[SourceQuality "1"]

1. e4 c5 2. Nf3 Nc6 3. d4 cxd4 4. Nxd4 Nf6 5. Nc3 d6 6. f3 e5 7. Nb3 Be7 8. Be3 0-0 9. Qd2 a5 10. a4 Nb4 11. 0-0-0 Be6 12. g4 d5 13. g5 d4 14. gxf6 dxc3 15. bxc3 Nd3+ 16. Kb1 Bxf6 17. Qxd3 Qc7 18. Be2 Rfd8 19. Qb5 Qxc3 20. Rxd8+ Rxd8 21. Bd2 Qc7 22. Bxa5 1-0

[Event "EU Union-ch U12"]
[Site "Kouty nad Desnou"]
[Date "2015.08.24"]
[Round "6"]
[White "Gucaga, Augustas"]
[Black "Salimova, Nurgyul"]
[Result "0-1"]
[WhiteElo "1781"]
[BlackElo "2143"]
[PlyCount "86"]
[EventDate "2015.08.19"]
[EventType "swiss"]
[EventRounds "9"]
[EventCountry "CZE"]
[SourceTitle "EXT 2016"]
[Source "ChessBase"]
[SourceDate "2015.10.08"]
[SourceVersion "1"]
[SourceVersionDate "2015.10.08"]
[SourceQuality "1"]

1. e4 e5 2. Nf3 Nc6 3. Bb5 a6 4. Ba4 Nf6 5. d3 b5 6. Bb3 Be7 7. 0-0 d6 8. c3 Na5 9. Bc2 c5 10. Nbd2 0-0 11. Re1 Nc6 12. Nf1 Qc7 13. Ng3 Rd8 14. Qe2 a5 15. h3 b4 16. Nh2 d5 17. Ng4 Be6 18. Nf5 Bxf5 19. exf5 Nxg4 20. Qxg4 Bf6 21. Bg5 Bxg5 22. Qxg5 f6 23. Qh4 Ne7 24. g4 Qb6 25. Rab1 a4 26. Qg3 b3 27. axb3 axb3 28. Bd1 Ra4 29. Bf3 Qa6 30. Bg2 Qd6 31. Kh1 Rda8 32. Red1 Qd7 33. d4 exd4 34. cxd4 c4 35. Re1 R8a5 36. Re6 Ra1 37. Rxa1 Rxa1+ 38. Kh2 Kf7 39. Rd6 Qc8 40. Bxd5+ Nxd5 41. Rxd5 Qc6 42. Qd6 Qxd6+ 43. Rxd6 c3 0-1

[Event "EU Union-ch U12"]
[Site "Kouty nad Desnou"]
[Date "2015.08.23"]
[Round "5"]
[White "David, Bogdan Emanuel"]
[Black "Gucaga, Augustas"]
[Result "0-1"]
[WhiteElo "1922"]
[BlackElo "1781"]
[PlyCount "92"]
[EventDate "2015.08.19"]
[EventType "swiss"]
[EventRounds "9"]
[EventCountry "CZE"]
[SourceTitle "EXT 2016"]
[Source "ChessBase"]
[SourceDate "2015.10.08"]
[SourceVersion "1"]
[SourceVersionDate "2015.10.08"]
[SourceQuality "1"]

1. e4 c5 2. Nf3 d6 3. d4 cxd4 4. Nxd4 Nf6 5. Nc3 g6 6. Be3 Bg7 7. f3 0-0 8. Qd2 Nc6 9. Bc4 Bd7 10. h4 h5 11. Nxc6 Bxc6 12. Bh6 Rc8 13. Bxg7 Kxg7 14. Bb3 b5 15. Qg5 a5 16. a4 bxa4 17. Nxa4 Bxa4 18. Rxa4 Rc5 19. Qe3 Qc7 20. 0-0 Nd7 21. Qd4+ Kh7 22. Rfa1 Ne5 23. Qd2 Ra8 24. Qf4 Kg7 25. Kh1 Nc4 26. Bxc4 Rxc4 27. c3 Rxa4 28. Rxa4 Qc6 29. e5 Rb8 30. exd6 Qxd6 31. Qxd6 exd6 32. Rxa5 Rxb2 33. Rd5 Rc2 34. Rxd6 Rxc3 35. Kh2 Rc4 36. Kg3 Ra4 37. Kh3 Ra3 38. Rd4 Rb3 39. Kg3 Rb2 40. Kh3 Rb3 41. Rf4 Rc3 42. g4 hxg4+ 43. Kxg4 Rc5 44. Re4 f5+ 45. Kf4 fxe4 46. fxe4 Kf6 0-1

[Event "Palanga op"]
[Site "Palanga"]
[Date "2015.06.18"]
[Round "6"]
[White "Antonivs, Vladislavs"]
[Black "Gucaga, Augustas"]
[Result "1/2-1/2"]
[WhiteElo "1777"]
[BlackElo "1659"]
[PlyCount "32"]
[EventDate "2015.06.15"]
[EventType "swiss"]
[EventRounds "9"]
[EventCountry "LTU"]
[SourceTitle "CBM 167 Extra"]
[Source "ChessBase"]
[SourceDate "2015.09.14"]
[SourceVersion "1"]
[SourceVersionDate "2015.09.14"]
[SourceQuality "1"]

1. d4 Nf6 2. c4 g6 3. Nc3 Bg7 4. e4 d6 5. Nf3 0-0 6. h3 Nbd7 7. Bg5 e5 8. d5 a5 9. g4 Nc5 10. Nd2 Qe8 11. Rg1 h6 12. Be3 Nfd7 13. h4 Nb6 14. h5 g5 15. b3 Nbd7 16. f3 Nb8 1/2-1/2

[Event "Palanga op"]
[Site "Palanga"]
[Date "2015.06.16"]
[Round "2"]
[White "Fokaite, Gabriele"]
[Black "Gucaga, Augustas"]
[Result "0-1"]
[WhiteElo "1439"]
[BlackElo "1659"]
[PlyCount "100"]
[EventDate "2015.06.15"]
[EventType "swiss"]
[EventRounds "9"]
[EventCountry "LTU"]
[SourceTitle "CBM 167 Extra"]
[Source "ChessBase"]
[SourceDate "2015.09.14"]
[SourceVersion "1"]
[SourceVersionDate "2015.09.14"]
[SourceQuality "1"]

1. e4 c5 2. d4 cxd4 3. c3 d3 4. Bxd3 g6 5. Nf3 Bg7 6. Bf4 d6 7. Qb3 Nf6 8. Nbd2 Nc6 9. Nc4 0-0 10. 0-0 Rb8 11. e5 Nh5 12. Be3 dxe5 13. Rad1 Qc7 14. Rfe1 Be6 15. Ng5 Bc8 16. a4 h6 17. Ne4 Kh8 18. Qa3 f5 19. Nc5 b6 20. Nb3 Be6 21. Bc1 Rbd8 22. Na1 Rxd3 23. Rxd3 Bxc4 24. Rdd1 e4 25. Nc2 Ne5 26. b3 Bg8 27. Nd4 Nd3 28. Re3 Qc5 29. b4 Qc4 30. b5 Qc5 31. Qxc5 bxc5 32. Nc6 Bb3 33. Rdxd3 exd3 34. Rxd3 Bxa4 35. c4 a6 36. Nxe7 Re8 37. Re3 Rd8 38. Re1 axb5 39. Nxg6+ Kh7 40. Ne7 Bc3 41. Rf1 Bb3 42. Be3 Bxc4 43. Rc1 Be2 44. Nxf5 Bb4 45. h3 Rd1+ 46. Rxd1 Bxd1 47. Kh2 c4 48. Nxh6 Ba3 49. Nf7 c3 50. Ne5 Be2 0-1

[Event "Palanga op"]
[Site "Palanga"]
[Date "2015.06.15"]
[Round "1"]
[White "Gucaga, Augustas"]
[Black "Malinin, Yuri"]
[Result "0-1"]
[WhiteElo "1659"]
[BlackElo "2233"]
[PlyCount "54"]
[EventDate "2015.06.15"]
[EventType "swiss"]
[EventRounds "9"]
[EventCountry "LTU"]
[SourceTitle "CBM 167 Extra"]
[Source "ChessBase"]
[SourceDate "2015.09.14"]
[SourceVersion "1"]
[SourceVersionDate "2015.09.14"]
[SourceQuality "1"]

1. e4 c5 2. Nf3 Nc6 3. d4 cxd4 4. Nxd4 Nf6 5. Nc3 d6 6. f3 e5 7. Nb3 Be6 8. Be3 Be7 9. Qd2 a5 10. Bb5 0-0 11. 0-0 Na7 12. Ba4 Bc4 13. Qf2 Bxf1 14. Rxf1 Nc6 15. Bb6 Qc8 16. Rd1 Nd7 17. Nd5 Bd8 18. Be3 Nb4 19. c3 Nxd5 20. Rxd5 Nf6 21. Rxd6 Qb8 22. Bc5 b5 23. Rxf6 Bxf6 24. Bxf8 bxa4 25. Nxa5 Rxa5 26. Bb4 Ra7 27. Qd2 Qd8 0-1

[Event "LTU-ch U12"]
[Site "Vilnius"]
[Date "2015.04.14"]
[Round "7.4"]
[White "Maziukas, Kasparas"]
[Black "Gucaga, Augustas"]
[Result "0-1"]
[WhiteElo "1492"]
[BlackElo "1599"]
[PlyCount "110"]
[EventDate "2015.04.11"]
[EventType "swiss"]
[EventRounds "8"]
[EventCountry "LTU"]
[SourceTitle "EXT 2024"]
[Source "ChessBase"]
[SourceDate "2023.10.10"]
[SourceVersion "1"]
[SourceVersionDate "2023.10.10"]
[SourceQuality "1"]

1. d4 Nf6 2. c4 g6 3. Nc3 Bg7 4. e4 d6 5. Be2 0-0 6. Bg5 Nbd7 7. Nf3 c6 8. 0-0 e5 9. d5 c5 10. a3 h6 11. Bd2 Ne8 12. Qc1 Kh7 13. b4 f5 14. Bd3 f4 15. Rd1 g5 16. Be1 g4 17. Nd2 h5 18. Bf1 Bh6 19. Qc2 Qf6 20. b5 Nb6 21. Qd3 Bd7 22. a4 Ng7 23. a5 Nc8 24. g3 Ne7 25. Ra2 Rf7 26. Nb3 Raf8 27. Bd2 fxg3 28. fxg3 Qf2+ 29. Kh1 Rf3 30. Bxh6 Qxa2 31. Nxa2 Rxd3 32. Bxd3 Kxh6 33. Rf1 Rxf1+ 34. Bxf1 Kg5 35. Kg2 h4 36. Be2 Ne8 37. Nd2 Nf6 38. Nc3 Ng6 39. Bd1 Nh8 40. Be2 Nf7 41. Bd1 Kh5 42. Be2 Ng5 43. Bd3 Nf3 44. Nxf3 h3+ 45. Kf2 gxf3 46. Kxf3 Ng4 47. Be2 Nxh2+ 48. Kf2+ Bg4 49. Kg1 Nf3+ 50. Bxf3 Bxf3 51. b6 a6 52. Nb1 Bxe4 53. Nd2 Bg2 54. Nb1 Kg4 55. Kf2 Be4 0-1

[Event "LTU-ch U14"]
[Site "Panevezys"]
[Date "2015.04.02"]
[Round "7"]
[White "Meskenas, Paulius"]
[Black "Gucaga, Augustas"]
[Result "0-1"]
[WhiteElo "1322"]
[BlackElo "1606"]
[PlyCount "82"]
[EventDate "2015.03.30"]
[EventType "swiss"]
[EventRounds "8"]
[EventCountry "LTU"]
[SourceTitle "EXT 2017"]
[Source "ChessBase"]
[SourceDate "2016.10.25"]
[SourceVersion "1"]
[SourceVersionDate "2016.10.25"]
[SourceQuality "1"]

1. e4 c5 2. d4 cxd4 3. c3 d3 4. c4 g6 5. Nf3 Bg7 6. Bf4 Bxb2 7. Be5 Bxe5 8. Nxe5 Qa5+ 9. Qd2 Qxe5 10. Nc3 Na6 11. Rb1 e6 12. Bxd3 Ne7 13. 0-0 0-0 14. Rb3 Qg7 15. Re1 Nc6 16. Re3 b6 17. Rg3 Nc5 18. Rb1 Ne5 19. Be2 Bb7 20. f4 Bxe4 21. Rb5 Nc6 22. Rxc5 bxc5 23. Nxe4 Qd4+ 24. Qxd4 Nxd4 25. Bf1 Nf5 26. Rd3 d6 27. Nxd6 Nxd6 28. Rxd6 Rfd8 29. Rc6 Rac8 30. Ra6 Rc7 31. Ra3 Rd4 32. g3 Rd2 33. Ra5 Kg7 34. h3 Kf6 35. a4 Kf5 36. Bg2 Ra2 37. Ra6 Rd7 38. g4+ Kxf4 39. Bf1 Kg3 40. a5 Rd1 41. Rxa7 Rg2+ 0-1